=LDR 00000nam 2200000 4500 =001 INLIS000000000018997 =005 20200819010312 =035 ##$$a 0010-061300000018997 =008 200819################g##########0#ind## =041 ##$$a Ind =082 ##$$a 2x6.1 =090 ##$$a 2x6.1, Sya m =100 ##$$a Syargawi, KH Husain =245 1#$$a Membudayakan salam : $b Sebuah tinjauan islam, adab hukum dan hikmahnya /$c KH Husain Syarqawi =260 ##$$a Surabaya :$b Pustaka Progressip,$c 1994 =300 ##$$a xii, 89 hlm, ; $c 18 x 12 cm. =650 #4$$a Masyarakat Islam =850 ##$$a NBPNMAT =084 ##$$a 2x6.1 SYA m =990 ##$$a 121.366/Pro.97